[Event "Muensterland op 41st"]
[Site "Muenster"]
[Date "2024.10.18"]
[Round "8"]
[White "Schalow, Daniel"]
[Black "Kappelhoff, Pius"]
[Result "1/2-1/2"]
[WhiteElo "2041"]
[BlackElo "1860"]
[PlyCount "115"]
[EventDate "2024.10.12"]
[EventType "swiss"]
[EventRounds "9"]
[EventCountry "GER"]
[SourceTitle "CB43_2024"]
[Source "Chessbase"]
[SourceDate "2024.10.23"]
[SourceVersion "1"]
[SourceVersionDate "2024.10.23"]
[SourceQuality "1"]

1. c4 c6 2. d4 d5 3. e3 Nf6 4. Nc3 Bf5 5. Qb3 Qb6 6. Qxb6 axb6 7. cxd5 Nxd5 8. Nxd5 cxd5 9. Bb5+ Nc6 10. Bd2 e6 11. Nf3 Bd6 12. Nh4 Bg6 13. Nxg6 hxg6 14. Ke2 Ke7 15. h3 Rhc8 16. Rhc1 Na7 17. Bd3 Rxc1 18. Rxc1 Nc6 19. a3 Rc8 20. h4 Rh8 21. g3 Kd7 22. f4 Be7 23. Kf3 f5 24. Bb5 Kc7 25. Rh1 Bf6 26. Rc1 Be7 27. Rc2 Bd6 28. Be1 Be7 29. Rh2 Bf6 30. g4 Kd7 31. Kg3 Ke8 32. g5 Be7 33. Bc3 Bd6 34. Be2 Kf7 35. h5 Rh7 36. hxg6+ Kxg6 37. Rxh7 Kxh7 38. Kf2 g6 39. Ke1 Kg7 40. Kd2 Kf7 41. Kc2 Ke7 42. Kb3 Kd7 43. Bb5 Kc7 44. Ka4 Be7 45. b4 Bd6 46. Kb3 Be7 47. a4 Bf8 48. a5 Bd6 49. Ka4 Be7 50. Be2 Na7 51. Bb2 Bf8 52. Ba3 Be7 53. Bc1 Bf8 54. Bd2 Be7 55. a6 bxa6 56. Bxa6 Bd6 57. Be2 Bf8 58. Bd3 1/2-1/2